Republics and autonomous republics of the Soviet Union - Statistics

General Stats
  • This quiz has been taken 131 times
  • The average score is 22 of 35
Answer Stats
Answer % Correct
Ukraine
95%
Belarus
93%
Latvia
92%
Tajikistan
92%
Uzbekistan
92%
Azerbaijan
91%
Kyrgyzstan
91%
Lithuania
91%
Russia
91%
Armenia
90%
Estonia
90%
Kazakhstan
90%
Turkmenistan
90%
Georgia
89%
Moldova
80%
Tatarstan
67%
Karelia
66%
Tuva
61%
Abkhazia
60%
Dagestan
59%
Yakutia
51%
Komi
45%
Buryatia
44%
Mari El
44%
Udmurtia
38%
Kalmykia
36%
Karakalpakstan
36%
Mordovia
35%
North Ossetia
35%
Chuvashia
34%
Bashkiria
29%
Adjara
27%
Kabardino-Balkaria
27%
Nakhichevan
20%
Chechnya-Ingushetia
17%
No matching quizzes found
Score Distribution
Percent of People with Each Score
Percentile by Number Answered
Your Score History
You have not taken this quiz